If You Watch it Backwards Quiz Stats

 Plays Quiz Updated Feb 11, 2014

Challenge
Share
Tweet
Embed
Score 0/30 Timer 08:00
0 Plays Today
Backwards Plot Movie % Correct
A superhero gets bitten by a spider and loses his powerSpider Man
86.9%
Underwater people repair a ship with an iceberg so they can sail to EnglandTitanic
85.1%
A woman's abusive boyfriend gives her the Kiss of Death and forces her to live with dwarvesSnow White and the Seven Dwarfs
84.6%
God fails to answer everyone's prayers and hands the job over to Morgan FreemanBruce Almighty
83.4%
They're basically releasing ghosts into housesGhostbusters
80.9%
A divorced man dresses up as a woman, cleans and cooks for his kids, repairs his marriage and parties it upMrs. Doubtfire
76.1%
A gang of toys goes through hell just so they can wind up in a home where they are neglectedToy Story 3
72.1%
A kid grows old and diesThe Curious Case of Benjamin Button
71.8%
A man moonwalks across the country before shaving off his beard and fighting in VietnamForrest Gump
71.7%
Young adults get killed at the blackjack tables until they decide to go to college21
71.6%
A man with a half burned face becomes whole again while a clown and a man in a bat suit become best friendsThe Dark Knight
71.3%
A boy has to take his car back to the dealership after it turns out to be a robotTransformers
69.3%
A coach segregates a talented football teamRemember the Titans
64%
A rampaging monster is caught by a doctor, killed by lightning, and then dissected so he can never cause such destruction againFrankenstein
63.3%
A civilized man turns into a savage and lives with gorillas for the rest of his lifeTarzan
63%
Backwards Plot Movie % Correct
A girl gets so unpopular she moves to AfricaMean Girls
59.8%
A bunch of soldiers wander through Europe then go to the beachSaving Private Ryan
58.9%
A motley crew donates money to a casino then leaves in styleOcean's Eleven
56.8%
A group of oil drillers repair an asteroid with nuclear fusion and release it back into spaceArmageddon
52.3%
A man with multiple personality disorder cures himself by going to terminal disease gatherings, which give him insomniaFight Club
47.4%
A disabled man finds an arm under a rock127 Hours
44.8%
Nazi plastic surgeons put out a fire at a movie theater, celebrate the birth of a man's son by saving his life, and a reformed Nazi finds a Jewish girl a hiding spotInglourious Basterds
39.4%
A man gives up cocaine and crime to become a dishwasher to earn enough money to visit CubaScarface
37.3%
A billionaire reconciles with his best friend, loses his fortune, becomes a nerd, and his girlfriend comes back to himThe Social Network
37.2%
An assassin travels to Paris with a girl, changes the way she looks, abandons her, then gets shot on a boatThe Bourne Identity
33.2%
A Kazakhstani man goes insane and travels around the United States until he is found in New York and deportedBorat: Cultural Learnings of America for Make Benefit Glorious Nation of Kazakhstan
28.6%
A great war hero comes home and decides to become a cross dresserMulan
26.1%
A dog comes back to life and befriends a young boyOld Yeller
19.9%
A tolerant ex-con becomes a white supremacist and avenges the death of one of his ownAmerican History X
19.7%
A 1980s yuppy imagines violently resurrecting a dozen or so people while becoming sane and well-adjustedAmerican Psycho
14.2%

You're not logged in!

Compare scores with friends on all Sporcle quizzes.
Join for Free
OR
Log In

You Might Also Like...

Show Comments

Extras

Top Quizzes Today


Score Distribution

Your Account Isn't Verified!

In order to create a playlist on Sporcle, you need to verify the email address you used during registration. Go to your Sporcle Settings to finish the process.

Report this User

Report this user for behavior that violates our Community Guidelines.

Details: